| 000 | 00536nam a22001817a 4500 | ||
|---|---|---|---|
| 003 | CEME | ||
| 005 | 20210628203235.0 | ||
| 008 | 210203b xxu||||| |||| 00| 0 eng d | ||
| 020 | _a8121926211 | ||
| 040 | _c. | ||
| 082 | _a510.24658 SAT | ||
| 100 |
_aSatyadevi, C _964205 |
||
| 245 | _aQuantitative techniques , for the students of b.com classes as per common core sylabus of a.p. and other indian states | ||
| 260 |
_aNEW DELHI _bS.CHAND _c2006 |
||
| 300 | _a596P | ||
| 650 |
_aQUANTITATIVE TECHNIQUES. _964206 |
||
| 942 |
_cBK _2ddc |
||
| 999 |
_c572784 _d572784 |
||